000 00873nam0a22002411 4500
001 rc\3046701
005 20250530023449.0
035 _a(NLR Aleph) 007186420
090 _a7494055
_c7494055
100 _a20111007d1936 |||y0rusy50 ca
101 0 _arus
102 _aRU
105 _ay z |||||
200 1 _aДикорастущие эфироносы горнотаежной флоры
210 _a[Хабаровск]
_cБ. и.
_d[1936]
215 _aС. 291-302
300 _aВ кн.: Труды Горнотаежной станции Дальневосточного филиала Академии наук СССР.Т. 1., под ред. А.С. Порецкого. Хабаровск, 1936. С. 291-302
700 1 _aГолом
_bК.Р.
801 0 _aRU
_bNLR
_gpsbo
801 1 _aRU
_bELAR
_2rusmarc
852 _aNLR
_j36-18/411(1)
942 _cBOOK
980 _aNB